| 000 | 00743nam a2200265Ia 4500 | ||
|---|---|---|---|
| 003 | OSt | ||
| 005 | 20221007123450.0 | ||
| 006 | a|||||r|||| 00| 0 | ||
| 007 | ta | ||
| 008 | 221006b |||||||| |||| 00| 0 eng d | ||
| 020 | _a3540012974 (pbk) | ||
| 024 | _a1647 | ||
| 037 | _cTextual | ||
| 040 |
_aPAPL _cPAPL _beng |
||
| 041 |
_2eng _aeng |
||
| 082 | _aC:(G), P4 Carpa | ||
| 100 |
_aNolting Bengt _9408106 |
||
| 245 | 0 | _aMethods in modern biophysics | |
| 260 |
_aBerlin _bSpringer-Verlag _c2004 |
||
| 300 |
_axiv, 254p. _ccm. |
||
| 500 | _aBibliographical references 213-243p; Index 245-254p | ||
| 650 | _aBiophysics | ||
| 942 |
_hC:(G), P4 Carpa _cTEXL _2CC |
||
| 999 |
_c1211941 _d1211941 |
||